000 00835cab a2200253 4500
001 ABS55849
008 090401t1996 xxu||||| |||| 00| 0 eng d
035 _a(Sirsi) u19125
041 _aeng
100 _aSinderman, M.
245 _aArea review: Alabama
260 _c1996
350 _a0
490 _aNational Real Estate Investor
_v38(7) July 1996, 89-95(3)
520 _aA review of the retail, office and industrial markets in Alabama. Covers Birmingham, Huntsville, Montgomery and Mobile.
650 _aALABAMA
650 _aINDUSTRIAL MARKET
650 _aPROPERTY-COMMERCIAL PROPERTY-OFFICE PROPERTY-OFFICE PROPERTY MARKET
650 _aPROPERTY-COMMERCIAL PROPERTY-RETAIL PROPERTY-RETAIL PROPERTY MARKET
650 _aUNITED STATES
690 _aOVERSEAS-NORTH AMERICA
942 _n0
948 _c04/03/1997
999 _c12738
_d12738